000 00528nam a22002177a 4500
003 UA-OsUOA
001 45736
007 ta
008 20111115b un ||||| |||| 00| 0 ukr d
100 _aShostak P.
090 _a94(477).152(K)/75
942 _cBK
040 _aUA-OsUOA
_beng
_cUA-OsUOA
_dUA-OsUOA
245 _aSaturday came but once a week
955 _a4
041 _aeng
080 _a94(477).152(K)/75
260 _c1984
650 7 _a9 Географія. Біографії. Історія
_2UDC
999 _c425838
_d425838